Mistrzostwa Europy 2004 - Statystyki

Ogólne statystyki
  • Ten quiz został rozwiązany 118 razy
  • Średni wynik to 7 z 22
Statystyki odpowiedzi
Pozycja Grecja % Poprawnych
LP Cristiano Ronaldo
97%
PP Luis Figo
82%
ŚPO Deco
67%
ŚO Ricardo Carvalho
54%
N Pauleta
52%
BR Ricardo
50%
PS Angelos Charisteas
49%
ŚPD Maniche
37%
BR Antonis Nikopolidis
29%
ŚO Traianos Dellas
25%
ŚP Theodoros Zagorakis
24%
ŚPD Costinha
22%
LO Nuno Valente
19%
ŚP Angelos Basinas
18%
PO Miguel
17%
PO Georgios Seitaridis
16%
ŚPD Konstantinos Katsouranis
12%
N Zisis Vryzas
11%
ŚO Jorge Andrade
10%
LO Takis Fyssas
10%
ŚO Michalis Kapsis
8%
LS Stelios Giannakopoulos
5%
Nie znaleziono quizów pasujących do podanych kryteriów
Rozkład punktacji
Procent ludzi z każdym wynikiem
Percentyl według liczby udzielonych odpowiedzi
Twoja historia wyników
Nie rozwiązałeś tego quizu